Lectures on functional equations and their applications
Saved in:
| Main Author: | |
|---|---|
| Other Authors: | |
| Format: | Book |
| Language: | English German |
| Published: |
New York :
Academic Press,
1966.
|
| Series: | Mathematics in science and engineering ;
19 |
| Subjects: | |
| Tags: |
Add Tag
No Tags, Be the first to tag this record!
|
MARC
| LEADER | 00000cam a2200000 i 4500 | ||
|---|---|---|---|
| 001 | 1/102203 | ||
| 008 | 090305s1966 nyu| ||| |||| ||eng|| | ||
| 035 | |l 10103564 | ||
| 040 | |a GR-MyUA |b gre |e AACR2 | ||
| 041 | 1 | |a eng |h ger | |
| 082 | 0 | |a 515.75 |2 (22) | |
| 100 | 1 | |a Aczel, J. | |
| 245 | 1 | 0 | |a Lectures on functional equations and their applications / |c by J. Aczel ; translated by Scripta Technica inc. , supplemented by the author ; edited by Hansjorg Oser. |
| 260 | |a New York : |b Academic Press, |c 1966. | ||
| 300 | |a xix, 510 σ. : |b εικ ; |c 24 εκ. | ||
| 490 | 1 | |a (Mathematics in science and engineering |v ; 19) | |
| 500 | |a Τίτλος πρωτοτύπου: Vorlesungen uber Funktionalgleichungen und ihre Anwendungen. | ||
| 504 | |a Βιβλιογραφία: σ. 383-496. Ευρετήριο. | ||
| 650 | 0 | 0 | |a Functional equations. |
| 700 | 1 | |a Oser, Hansjorg, |e edt | |
| 830 | 0 | |a Mathematics in science and engineering ; |v 19 | |
| 852 | |a INST |b SAMOS |c MAG |e 20090305 |h 515.75 ACZ |p 005300029214 |q 005300029214 |t BK |y 0 | ||
| 901 | |a BIBL3-2009-1 | ||
| 909 | |a Σ |b 155755 | ||
| 970 | |a ΣΙΤΖΙΜΗ |b ΓΙΑΣΕΜΗ |z 2009/03/05 | ||